000
00297nam a2200133Ia 4500
100
_a
Sinclair/ R.Ian.
942
_c
BK
366
_f
15
654
_a
Multimedia On The Pc
245
_a
Multimedia On The Pc
260
_b
B.P.B.Publications
_a
New Delhi
_c
1995
300
_a
194
546
_a
ENGLISH
999
_c
25051
_d
25051